<?xml version='1.0' encoding='UTF-8'?>
  <record xmlns="http://www.loc.gov/MARC21/slim">
    <leader>00000cem a2200000Mi 4500</leader>
    <controlfield tag="001">ocn902704562</controlfield>
    <controlfield tag="003">OCoLC</controlfield>
    <controlfield tag="005">20170503083650.0</controlfield>
    <controlfield tag="008">150202s1748    fr        u     0   und d</controlfield>
    <datafield tag="040" ind1=" " ind2=" ">
      <subfield code="a">NLGGC</subfield>
      <subfield code="b">dut</subfield>
      <subfield code="e">fobidrtb</subfield>
      <subfield code="c">NLGGC</subfield>
      <subfield code="d">QGJ</subfield>
    </datafield>
    <datafield tag="035" ind1=" " ind2=" ">
      <subfield code="a">(OCoLC)902704562</subfield>
    </datafield>
    <datafield tag="084" ind1=" " ind2=" ">
      <subfield code="a">74.20</subfield>
      <subfield code="2">bcl</subfield>
    </datafield>
    <datafield tag="245" ind1="0" ind2="0">
      <subfield code="a">Carte de la Hollande où son [!] les environs de Schoonhove, de Uyane [= Vianen], de Gorcum, d'Heusden, de Geertruydenberg, partie d'Utrecht, et de la Gueldre /</subfield>
      <subfield code="c">[Guillaume Delahaye].</subfield>
    </datafield>
    <datafield tag="255" ind1=" " ind2=" ">
      <subfield code="a">Schaal [ca. 1:300.000].</subfield>
    </datafield>
    <datafield tag="260" ind1=" " ind2=" ">
      <subfield code="a">[Paris] :</subfield>
      <subfield code="b">par le sr. Robert géographe ordinaire du roi,</subfield>
      <subfield code="c">1748.</subfield>
    </datafield>
    <datafield tag="300" ind1=" " ind2=" ">
      <subfield code="a">1 krt. :</subfield>
      <subfield code="b">koperdiepdruk, in kleur. ;</subfield>
      <subfield code="c">17 x 21 cm.</subfield>
    </datafield>
    <datafield tag="336" ind1=" " ind2=" ">
      <subfield code="a">cartografische afbeelding</subfield>
      <subfield code="b">cri</subfield>
      <subfield code="2">rdacontent/dut</subfield>
    </datafield>
    <datafield tag="337" ind1=" " ind2=" ">
      <subfield code="a">zonder medium</subfield>
      <subfield code="b">n</subfield>
      <subfield code="2">rdamedia/dut</subfield>
    </datafield>
    <datafield tag="338" ind1=" " ind2=" ">
      <subfield code="a">vel</subfield>
      <subfield code="b">nb</subfield>
      <subfield code="2">rdacarrier/dut</subfield>
    </datafield>
    <datafield tag="500" ind1=" " ind2=" ">
      <subfield code="a">Oorspr. verschenen in: [1.] Atlas portatif universel et militaire [...] / par M. Robert [...]. - A Paris : chez l'autheur [...] ; Durand [...] ; Pissot Fils [...], 1748; [2.] Atlas portatif universel et militaire [...] / par M. Robert [...]. - A Paris : chez l'autheur [...] ; Durand [...] ; Pissot Fils [..., 1749]; [3.] Atlas portatif universel et militaire [...] / par Robert [...]. - A Falaise ; [Parijs] : Pitel-Prefontaine [...] ; chez Panckouke [..., 1769] (buiten kader rechtsboven: '93'</subfield>
    </datafield>
    <datafield tag="500" ind1=" " ind2=" ">
      <subfield code="a">Geen typografische tekst op de keerzijde. - Linksboven binnen het kader het cijfer 'VIII'. - Privilege: 'Avec privilege'</subfield>
    </datafield>
    <datafield tag="510" ind1="3" ind2=" ">
      <subfield code="a">Blonk, Kaart 91.3</subfield>
    </datafield>
    <datafield tag="651" ind1=" " ind2="7">
      <subfield code="a">Zuid-Holland.</subfield>
      <subfield code="0">(NL-LeOCL)078969646.</subfield>
      <subfield code="2">gtt</subfield>
    </datafield>
    <datafield tag="655" ind1=" " ind2="7">
      <subfield code="a">Kaarten (vorm)</subfield>
      <subfield code="0">(NL-LeOCL)088143554.</subfield>
      <subfield code="2">gtt</subfield>
    </datafield>
    <datafield tag="700" ind1="1" ind2=" ">
      <subfield code="a">Delahaye, Guillaume,</subfield>
      <subfield code="d">1727-1802.</subfield>
    </datafield>
    <datafield tag="856" ind1="4" ind2="1">
      <subfield code="u">http://objects.library.uu.nl/reader/resolver.php?obj=002198375&amp;type=2</subfield>
      <subfield code="x">Online</subfield>
      <subfield code="z">Full image</subfield>
    </datafield>
  </record>